01141ngm a2200301 a 450000500170000000800410001708200200005824500520007825000180013030000440014849000460019250000550023854600580029365000500035165000650040170000360046670000350050270000320053770000350056970000390060494200130064326400450065633600270070133700330072833800280076104000350078999900150082420220317001422.0161108s2011 ck g 000 0 spa 04a791.436543bD3200a10 películas románticashvideodisco digital a1a. edición a6 DVDbsonido, en blanco y negroc12 cm aCine club películas para coleccionistas aIncluye libro con las reseñas de las películas aPelículas en inglés con subtítulos en español142LEMBaAmor en el cine vVideodiscosySiglo XX142LEMBaPelículas cinematográficas vVideodiscosySiglo XX1 aHawks, Howardd1896-19779727811 aCapra, Frankd1897-19919727101 aWood, Samd1883-19499727821 aWhale, Jamesd1896-19579727131 aSturges, Prestond1898-1959972783 2ddccDVD aBogotábFonolibros de Colombiac[2011] atextobtxt2rdacontent asin mediaciónbn2rdamedia avolumenbnc2rdacarrier aCO-BoRNBPbspaerdacCO-BoRNBP c6918d6918